00372nam a2200133Ia 450000500170000000800410001702000150005808200130007310000200008624500250010626000490013130000120018050000460019220250627014113.0240331s9999 xx 000 0 und d a9555843953 bBANa364 aBandaranayake,A 0aSiyadivi nasaganeema aKottawabForeign publishing & Printersc1999 a80 p ., aA philosophical and psychological inquiry